| 000 | 00000nam 2200000za 4500 |
| 001 | 9.569375 |
| 003 | CaOODSP |
| 005 | 20210624181735 |
| 007 | cr ||||||||||| |
| 008 | 150406|1995||||xxc|||||o f|0| 0 eng d |
| 040 | |aCaOODSP|beng |
| 043 | |an-cn--- |
| 086 | 1 |aNH15-139/1995E-PDF |
| 245 | 03|aAn evaluation protocol for community supports for marginalized singles in social housing |h[electronic resource]. |
| 260 | |aOttawa : |bCanada Mortgage and Housing Corporation |c1995. |
| 300 | |a34p. |
| 490 | 1 |aResearch report |
| 504 | |aBibliography. |
| 590 | |a11-05-Supp|b2011-03-15 |
| 710 | 2 |aCanada Mortgage and Housing Corporation. |
| 775 | 08|tProtocole d'évaluation du support communautaire des personnes seules marginalisées dans le cadre du logement social |w(CaOODSP)9.846856 |
| 830 | #0|aResearch report (Canada Mortgage and Housing Corporation : Online)|w(CaOODSP)9.506068 |
| 856 | 40|ahttp://publications.gc.ca|qPDF|s479 KB|uhttps://publications.gc.ca/collections/collection_2011/schl-cmhc/nh18-1/NH15-139-1995-eng.pdf |